000 00266nam a2200097Ia 4500
005 20251222114410.0
008 251222s1900||||xx |||||||||||||| ||spa||
082 _aDVD0070/S99/2007
245 0 _aRocky Balboa: nada termina hasta que tĂș sientas que termina:
942 _cDVD
999 _c1994
_d1994